| 000 | 00676cam a22002293a 4500 | ||
|---|---|---|---|
| 001 | 19770 | ||
| 003 | PGUSA | ||
| 005 | 20140828083423.0 | ||
| 008 | 061112s2006||||xxu|||||s|||||000 | eng d | ||
| 040 |
_aPGUSA _beng |
||
| 042 | _adc | ||
| 050 | 4 | _aQA | |
| 100 | 1 |
_aTodhunter, I. _q(Isaac), _d1820-1884 |
|
| 245 | 1 | 0 |
_aSpherical Trigonometry : _bFor the Use of Colleges and Schools _h[electronic resource] / _cI. Todhunter |
| 260 |
_bProject Gutenberg, _c2006 |
||
| 506 | _aPublic domain in the USA. | ||
| 516 | _aElectronic text | ||
| 653 | _aSpherical trigonometry | ||
| 830 | 0 |
_aProject Gutenberg _v19770 |
|
| 856 | 4 | 0 | _uhttp://www.gutenberg.org/ebooks/19770 |
| 942 | _cEB | ||
| 999 |
_c249025 _d249025 |
||